<?xml version="1.0" encoding="UTF-8"?>
<record
    xmlns:xsi="http://www.w3.org/2001/XMLSchema-instance"
    xsi:schemaLocation="http://www.loc.gov/MARC21/slim http://www.loc.gov/standards/marcxml/schema/MARC21slim.xsd"
    xmlns="http://www.loc.gov/MARC21/slim">

  <leader>00805nab a2200205uuc4500</leader>
  <controlfield tag="001">1469989</controlfield>
  <controlfield tag="005">20240202130208.0</controlfield>
  <controlfield tag="008">170731e20170707                    spa  </controlfield>
  <datafield tag="035" ind1=" " ind2=" ">
    <subfield code="a">1469989</subfield>
  </datafield>
  <datafield tag="040" ind1=" " ind2=" ">
    <subfield code="c">comduadb</subfield>
  </datafield>
  <datafield tag="041" ind1=" " ind2=" ">
    <subfield code="a">spa</subfield>
  </datafield>
  <datafield tag="100" ind1="1" ind2="0">
    <subfield code="a">Carrasco Salvador, Bel</subfield>
    <subfield code="4">aut</subfield>
    <subfield code="e">aut</subfield>
    <subfield code="9">580178</subfield>
  </datafield>
  <datafield tag="245" ind1="1" ind2="0">
    <subfield code="a">Clarence Brown : resurrecci&#xF3;n :</subfield>
    <subfield code="b">Un estudio de Carmen Guiralt recupera la obra olvidada de un cl&#xE1;sico del cine de Hollywood</subfield>
  </datafield>
  <datafield tag="650" ind1=" " ind2=" ">
    <subfield code="a">Cine - Produccion y direccion - Estados Unidos</subfield>
    <subfield code="9">172463</subfield>
  </datafield>
  <datafield tag="650" ind1=" " ind2=" ">
    <subfield code="a">Cineastas estadounidenses</subfield>
    <subfield code="9">189128</subfield>
  </datafield>
  <datafield tag="650" ind1=" " ind2=" ">
    <subfield code="a">Cine - Cr&#xED;tica e interpretaci&#xF3;n</subfield>
    <subfield code="9">180843</subfield>
  </datafield>
  <datafield tag="650" ind1=" " ind2=" ">
    <subfield code="a">Directores de cine</subfield>
    <subfield code="9">62866</subfield>
  </datafield>
  <datafield tag="773" ind1="0" ind2=" ">
    <subfield code="t">Quimera : Revista de Literatura (Barcelona)</subfield>
    <subfield code="g">N&#xFA;mero 404, Julio-Agosto de 2017, 18-20</subfield>
    <subfield code="w">111265</subfield>
    <subfield code="x">0211-3325</subfield>
    <subfield code="0">89608</subfield>
  </datafield>
  <datafield tag="942" ind1=" " ind2=" ">
    <subfield code="c">ARIMP</subfield>
  </datafield>
  <datafield tag="999" ind1=" " ind2=" ">
    <subfield code="c">764008</subfield>
    <subfield code="d">764008</subfield>
  </datafield>
</record>
